| 000 | 00401nam a22001337a 4500 | ||
|---|---|---|---|
| 005 | 20151015143031.0 | ||
| 008 | 151015b xxu||||| |||| 00| 0 eng d | ||
| 040 | _cPK-LaUMT | ||
| 082 |
_aKHC 306.345095491 _bPAK- |
||
| 245 | _aپاکستان میں بائیں بازو کی تاریخ اور کردار | ||
| 260 |
_aلاہور _bجدوجہد پبلیکیشنز _c1988 |
||
| 300 | _a48 ص | ||
| 942 | _cBK | ||
| 999 |
_c77456 _d77456 |
||